[Event "Asuncion Cantero Memorial"]
[Site "Asuncion"]
[Date "2010.06.06"]
[Round "9"]
[White "Sosa Harrison, Jorge"]
[Black "Valiente, Cristobal"]
[Result "1/2-1/2"]
[WhiteElo "2249"]
[BlackElo "2247"]
[PlyCount "31"]
[EventDate "2010.05.31"]
[EventType "tourn"]
[EventRounds "10"]
[EventCountry "PAR"]
[EventCategory "2"]
[SourceTitle "EXT 2011"]
[Source "ChessBase"]
[SourceDate "2010.11.26"]
[SourceVersion "1"]
[SourceVersionDate "2010.11.26"]
[SourceQuality "1"]

1. d4 Nf6 2. c4 e6 3. Nf3 b6 4. g3 Bb7 5. Bg2 Be7 6. 0-0 0-0 7. Nc3 Ne4 8. Nxe4 Bxe4 9. Ne5 Bxg2 10. Kxg2 d6 11. Nf3 Nd7 12. Be3 Rc8 13. Qd2 Bf6 14. Bg5 Bxg5 15. Qxg5 Qxg5 16. Nxg5 1/2-1/2

[Event "Asuncion Cantero Memorial"]
[Site "Asuncion"]
[Date "2010.06.01"]
[Round "3"]
[White "Sosa Harrison, Jorge"]
[Black "Della Morte, German"]
[Result "0-1"]
[WhiteElo "2249"]
[BlackElo "2366"]
[PlyCount "148"]
[EventDate "2010.05.31"]
[EventType "tourn"]
[EventRounds "10"]
[EventCountry "PAR"]
[EventCategory "2"]
[SourceTitle "EXT 2011"]
[Source "ChessBase"]
[SourceDate "2010.11.26"]
[SourceVersion "1"]
[SourceVersionDate "2010.11.26"]
[SourceQuality "1"]

1. Nf3 Nf6 2. d4 g6 3. c4 Bg7 4. Nc3 d6 5. e4 0-0 6. Be2 e5 7. dxe5 dxe5 8. Qxd8 Rxd8 9. Bg5 c6 10. Nxe5 Re8 11. f4 h6 12. Bh4 g5 13. Bg3 Na6 14. 0-0 Nc5 15. Rae1 g4 16. Bd1 Nh5 17. Nxg4 Nxg3 18. hxg3 Nd3 19. e5 Nxe1 20. Rxe1 f6 21. Ne4 Bxg4 22. Bxg4 fxe5 23. f5 Rf8 24. Nc5 Rfd8 25. Ne4 Rf8 26. Nc5 h5 27. Bf3 e4 28. Rxe4 b6 29. Ne6 Rxf5 30. b3 Re5 31. Rxe5 Bxe5 32. Bxc6 Rc8 33. Bd5 Kh7 34. Kf2 Kh6 35. Kf3 Rg8 36. Nf4 Rg7 37. b4 Bd6 38. b5 Re7 39. g4 Re1 40. Nxh5 Ra1 41. Ke4 Kg5 42. Kd4 Rxa2 43. Bf3 Bc5+ 44. Kd5 Rd2+ 45. Kc6 Rd4 46. Bd5 Rxg4 47. Ng7 Kf6 48. Ne6 Be3 49. Kb7 Ke5 50. Kxa7 Kd6 51. Kb7 Rg6 52. Nd8 Rg7+ 53. Nf7+ Ke7 54. Nh6 Bxh6 55. Kxb6 Kd6 56. Ka6 Kc5 57. Be4 Bf4 58. b6 Re7 59. Bd5 Re2 60. Kb7 Rb2 61. Kc8 Rxb6 62. Kd7 Rd6+ 63. Ke7 Bg5+ 64. Kf7 Rf6+ 65. Ke7 Rh6+ 66. Kf7 Kd6 67. Bf3 Rf6+ 68. Kg7 Re6 69. Bd5 Rh6 70. Bf3 Be3 71. Bd5 Ke7 72. Bf3 Rf6 73. Bd5 Bd4 74. Kg8 Rh6 0-1

[Event "Asuncion Cantero Memorial"]
[Site "Asuncion"]
[Date "2010.05.31"]
[Round "1"]
[White "Sosa Harrison, Jorge"]
[Black "Gattass, Allan Arriada"]
[Result "1/2-1/2"]
[WhiteElo "2249"]
[BlackElo "2249"]
[PlyCount "43"]
[EventDate "2010.05.31"]
[EventType "tourn"]
[EventRounds "10"]
[EventCountry "PAR"]
[EventCategory "2"]
[SourceTitle "EXT 2011"]
[Source "ChessBase"]
[SourceDate "2010.11.26"]
[SourceVersion "1"]
[SourceVersionDate "2010.11.26"]
[SourceQuality "1"]

1. Nf3 c5 2. c4 Nf6 3. d4 cxd4 4. Nxd4 g6 5. g3 d5 6. Bg2 e5 7. Nc2 dxc4 8. Qxd8+ Kxd8 9. Nba3 c3 10. Bg5 Be7 11. bxc3 Nc6 12. Rb1 Ne8 13. Bxe7+ Kxe7 14. Nc4 Nd6 15. N2e3 Be6 16. Bxc6 Nxc4 17. Rxb7+ Kd6 18. Nxc4+ Kxc6 19. Na5+ Kc5 20. Nb3+ Kc6 21. Na5+ Kc5 22. Nb3+ 1/2-1/2

[Event "Asuncion-B 2nd"]
[Site "Asuncion"]
[Date "2009.07.03"]
[Round "6"]
[White "Gattass, Allan Arriada"]
[Black "Sosa Harrison, Jorge"]
[Result "1/2-1/2"]
[WhiteElo "2221"]
[BlackElo "2254"]
[PlyCount "24"]
[EventDate "2009.06.28"]
[EventType "tourn"]
[EventRounds "9"]
[EventCountry "PAR"]
[EventCategory "1"]
[SourceTitle "CBM 131 Extra"]
[Source "ChessBase"]
[SourceDate "2009.09.03"]
[SourceVersion "2"]
[SourceVersionDate "2009.09.16"]
[SourceQuality "1"]

1. e4 e6 2. d4 d5 3. Nc3 dxe4 4. Nxe4 Nd7 5. Nf3 Ngf6 6. Bg5 Be7 7. Nxf6+ Nxf6 8. Bd3 b6 9. Bxf6 Bxf6 10. Be4 Rb8 11. Ne5 Bd7 12. 0-0 c5 1/2-1/2

[Event "Asuncion-B 2nd"]
[Site "Asuncion"]
[Date "2009.07.02"]
[Round "5"]
[White "Sosa Harrison, Jorge"]
[Black "Malbran, Guillermo"]
[Result "1/2-1/2"]
[WhiteElo "2254"]
[BlackElo "2246"]
[PlyCount "80"]
[EventDate "2009.06.28"]
[EventType "tourn"]
[EventRounds "9"]
[EventCountry "PAR"]
[EventCategory "1"]
[SourceTitle "CBM 131 Extra"]
[Source "ChessBase"]
[SourceDate "2009.09.03"]
[SourceVersion "2"]
[SourceVersionDate "2009.09.16"]
[SourceQuality "1"]

1. Nf3 d6 2. d4 Bg4 3. g3 g6 4. Bg2 Bg7 5. h3 Bxf3 6. Bxf3 c6 7. c3 Nf6 8. Qb3 Qb6 9. Nd2 d5 10. e4 dxe4 11. Nxe4 Nxe4 12. Bxe4 Nd7 13. Be3 Nf6 14. Bf3 0-0 15. 0-0 e6 16. Rad1 Nd5 17. Bd2 Rfd8 18. Rfe1 Rd7 19. Kg2 Rad8 20. Bg4 Bf6 21. Bc1 Qxb3 22. axb3 Kg7 23. Be2 h5 24. f4 Rh8 25. Rh1 a6 26. b4 Rdd8 27. Kf3 Be7 28. Rdg1 f5 29. Re1 Kf7 30. Bc4 Rde8 31. Re2 g5 32. Bd2 g4+ 33. hxg4 hxg4+ 34. Kg2 Rxh1 35. Kxh1 Rh8+ 36. Kg2 Bf6 37. Re1 Rh3 38. Bb3 Rh8 39. Ra1 Rd8 40. Rh1 Rh8 1/2-1/2

[Event "Asuncion Par de Alfiles"]
[Site "Asuncion"]
[Date "2006.12.10"]
[Round "8"]
[White "Valiente, Cristobal"]
[Black "Sosa Harrison, Jorge"]
[Result "1/2-1/2"]
[WhiteElo "2276"]
[BlackElo "2283"]
[PlyCount "20"]
[EventDate "2006.12.05"]
[EventType "tourn"]
[EventRounds "11"]
[EventCountry "PAR"]
[EventCategory "1"]
[SourceTitle "EXT 2008"]
[Source "ChessBase"]
[SourceDate "2007.11.25"]
[SourceVersion "1"]
[SourceVersionDate "2007.11.25"]
[SourceQuality "1"]

1. d4 d5 2. c4 c6 3. Nf3 Nf6 4. cxd5 cxd5 5. Nc3 Nc6 6. Bf4 Ne4 7. e3 Nxc3 8. bxc3 g6 9. Be2 Bg7 10. 0-0 0-0 1/2-1/2

[Event "Asuncion Par de Alfiles"]
[Site "Asuncion"]
[Date "2006.12.08"]
[Round "5"]
[White "Bronstein, Luis Marcos"]
[Black "Sosa Harrison, Jorge"]
[Result "1/2-1/2"]
[WhiteElo "2334"]
[BlackElo "2283"]
[PlyCount "53"]
[EventDate "2006.12.05"]
[EventType "tourn"]
[EventRounds "11"]
[EventCountry "PAR"]
[EventCategory "1"]
[SourceTitle "EXT 2008"]
[Source "ChessBase"]
[SourceDate "2007.11.25"]
[SourceVersion "1"]
[SourceVersionDate "2007.11.25"]
[SourceQuality "1"]

1. e4 c5 2. Nf3 Nc6 3. Nc3 d6 4. d4 cxd4 5. Nxd4 Nf6 6. Bc4 Qb6 7. Nb3 e6 8. 0-0 Be7 9. a4 0-0 10. Be2 Rd8 11. Nb5 Rd7 12. Be3 Qd8 13. Nc3 b6 14. Bb5 Rc7 15. Bxc6 Rxc6 16. Nd4 Rc4 17. Qd3 Ba6 18. Ncb5 Rcc8 19. c4 Bb7 20. f3 Nd7 21. b3 d5 22. exd5 exd5 23. Nf5 Ne5 24. Qc3 f6 25. Rad1 a6 26. Nbd4 Qd7 27. Nxe7+ 1/2-1/2

[Event "Asuncion Par de Alfiles"]
[Site "Asuncion"]
[Date "2006.12.08"]
[Round "4"]
[White "Sosa Harrison, Jorge"]
[Black "Escofet Fernandez, Jaime"]
[Result "1/2-1/2"]
[WhiteElo "2283"]
[BlackElo "2165"]
[PlyCount "110"]
[EventDate "2006.12.05"]
[EventType "tourn"]
[EventRounds "11"]
[EventCountry "PAR"]
[EventCategory "1"]
[SourceTitle "EXT 2008"]
[Source "ChessBase"]
[SourceDate "2007.11.25"]
[SourceVersion "1"]
[SourceVersionDate "2007.11.25"]
[SourceQuality "1"]

1. Nf3 e6 2. d4 f5 3. c4 Nf6 4. Nc3 c6 5. e3 d5 6. Bd3 Bd6 7. Ne5 0-0 8. f4 Ne4 9. 0-0 Nd7 10. Nxe4 fxe4 11. Be2 Nxe5 12. fxe5 Rxf1+ 13. Bxf1 Be7 14. Bd2 Bd7 15. c5 a5 16. a3 b5 17. Qg4 Qc7 18. Be2 Rf8 19. Qh3 Bd8 20. a4 b4 21. Bg4 Qc8 22. g3 Bg5 23. Qg2 Qe8 24. h4 Bd8 25. Rf1 Rxf1+ 26. Kxf1 Qg6 27. Be2 Bc8 28. Qf2 Qe8 29. Ke1 Qe7 30. Kd1 Qa7 31. Qf1 Be7 32. Kc2 Bf8 33. Kb3 Be7 34. Be1 Bf8 35. g4 Be7 36. Bg3 Qd7 37. Ba6 Qc7 38. g5 Bxa6 39. Qxa6 g6 40. Qa8+ Bd8 41. Be1 Kf7 42. Bxb4 axb4 43. Kxb4 Ke7 44. a5 Kd7 45. Ka4 Qc8 46. Qa7+ Bc7 47. a6 Qf8 48. Qb7 Qf1 49. a7 Qa1+ 50. Kb3 Qd1+ 51. Ka3 Qa1+ 52. Kb3 Qd1+ 53. Kb4 Qe1+ 54. Ka3 Qa1+ 55. Kb3 Qd1+ 1/2-1/2

[Event "Asuncion Par de Alfiles"]
[Site "Asuncion"]
[Date "2006.12.07"]
[Round "3"]
[White "Sosa Harrison, Jorge"]
[Black "Zacarias, Rodrigo Medeiros"]
[Result "0-1"]
[WhiteElo "2283"]
[BlackElo "2047"]
[PlyCount "78"]
[EventDate "2006.12.05"]
[EventType "tourn"]
[EventRounds "11"]
[EventCountry "PAR"]
[EventCategory "1"]
[SourceTitle "EXT 2008"]
[Source "ChessBase"]
[SourceDate "2007.11.25"]
[SourceVersion "1"]
[SourceVersionDate "2007.11.25"]
[SourceQuality "1"]

1. Nf3 Nf6 2. b3 g6 3. Bb2 Bg7 4. g3 d6 5. d4 c5 6. Bg2 cxd4 7. Nxd4 d5 8. 0-0 e5 9. Nf3 e4 10. Nd4 0-0 11. Na3 e3 12. f3 h5 13. c3 h4 14. g4 Nh5 15. Bc1 Re8 16. Nac2 Bh6 17. gxh5 h3 18. f4 hxg2 19. Rf3 Qh4 20. Qe1 Qxh5 21. Nxe3 Nc6 22. Qf2 Nxd4 23. cxd4 Re4 24. Bb2 Bd7 25. f5 Bxe3 26. Rxe3 Rxe3 27. Qxe3 Re8 28. Qf4 Bxf5 29. e3 Qe2 30. Qf2 Rxe3 31. Ba3 Bh3 32. Bb4 Qf1+ 33. Rxf1 gxf1Q+ 34. Qxf1 Bxf1 35. Kxf1 Rd3 36. Bc5 b6 37. Bd6 Rxd4 38. Bb8 a6 39. Ba7 Rd2 0-1

[Event "American Continental 03rd"]
[Site "Buenos Aires"]
[Date "2005.08.11"]
[Round "6"]
[White "Arencibia Rodriguez, Walter"]
[Black "Sosa Harrison, Jorge"]
[Result "1-0"]
[WhiteElo "2527"]
[BlackElo "2346"]
[PlyCount "121"]
[EventDate "2005.08.06"]
[EventType "swiss"]
[EventRounds "11"]
[EventCountry "ARG"]
[SourceTitle "CBM 109"]
[Source "ChessBase"]
[SourceDate "2005.11.14"]
[SourceVersion "1"]
[SourceVersionDate "2005.11.14"]
[SourceQuality "1"]

1. d4 Nf6 2. c4 e5 3. dxe5 Ng4 4. Nf3 Bc5 5. e3 Nc6 6. Be2 0-0 7. 0-0 Ngxe5 8. Nxe5 Nxe5 9. Nc3 a5 10. Ne4 Ba7 11. Bd2 d5 12. cxd5 Qxd5 13. Nc3 Qe6 14. Qc2 c6 15. Rad1 Bb6 16. Na4 Bc7 17. f4 Ng4 18. e4 Qg6 19. Rf3 b5 20. Nc5 Bb6 21. b4 axb4 22. Bxb4 Re8 23. Bd3 Qd6 24. Bxb5 Qh6 25. Rh3 Qxf4 26. Bxc6 Ne3 27. Rxe3 Qxe3+ 28. Kh1 Bg4 29. Re1 Qd4 30. a3 Rac8 31. Bxe8 Rxe8 32. h3 Bh5 33. Nb7 Qd7 34. Nd6 Re6 35. Nf5 Bg6 36. Rd1 Qe8 37. Qc3 Bxf5 38. exf5 Re2 39. Qf3 h6 40. Rc1 Rf2 41. Qg4 Qe3 42. Rd1 Rf4 43. Bd2 Rxg4 44. Bxe3 Ra4 45. Bxb6 Rxa3 46. Kh2 h5 47. f6 Rb3 48. Rd8+ Kh7 49. fxg7 Kxg7 50. Bd4+ Kg6 51. Rd6+ Kg5 52. Bf6+ Kg6 53. Bh4+ Kg7 54. Rd5 Kg6 55. Rd6+ Kg7 56. Bg5 Rb5 57. h4 Rf5 58. Kg3 Rf1 59. Bf4 f6 60. Be3 Kg6 61. Bd4 1-0

[Event "American Continental 03rd"]
[Site "Buenos Aires"]
[Date "2005.08.09"]
[Round "4"]
[White "Lima, Darcy Gustavo Macha"]
[Black "Sosa Harrison, Jorge"]
[Result "1-0"]
[WhiteElo "2535"]
[BlackElo "2346"]
[PlyCount "109"]
[EventDate "2005.08.06"]
[EventType "swiss"]
[EventRounds "11"]
[EventCountry "ARG"]
[SourceTitle "CBM 109"]
[Source "ChessBase"]
[SourceDate "2005.11.14"]
[SourceVersion "1"]
[SourceVersionDate "2005.11.14"]
[SourceQuality "1"]

1. e4 c5 2. Nf3 e6 3. d4 cxd4 4. Nxd4 Nc6 5. Nc3 Nf6 6. Nxc6 bxc6 7. e5 Nd5 8. Ne4 Bb7 9. c4 Nb4 10. Bf4 c5 11. Bd3 Qh4 12. g3 Qh3 13. Qf3 Rb8 14. a3 Nxd3+ 15. Qxd3 Be7 16. Nd6+ Kf8 17. Nxb7 Qg2 18. 0-0-0 Rxb7 19. Bd2 h5 20. f3 f5 21. Qf1 Qxf1 22. Rhxf1 g5 23. h3 Kf7 24. Bc3 Rc8 25. Rd3 Rg8 26. g4 f4 27. Kc2 Rh8 28. Rd2 hxg4 29. hxg4 Rh3 30. Rff2 Bf8 31. Kd3 Rh1 32. Rh2 Re1 33. Rde2 Rf1 34. Ref2 Rd1+ 35. Kc2 Rg1 36. Rh5 Kg6 37. Rh8 Kf7 38. Rh5 Kg6 39. Rh8 Kf7 40. Kd3 Rd1+ 41. Rd2 Rb1 42. Kc2 Rf1 43. Rd3 Rf2+ 44. Kd1 Kg7 45. Rh5 Kg6 46. Ke1 Rg2 47. Rd2 Rg1+ 48. Kf2 Rb1 49. Kg2 a5 50. Rh1 Rxh1 51. Kxh1 a4 52. Kg2 Kf7 53. Kf1 Be7 54. Ke1 Bf8 55. Kd1 1-0

[Event "American Continental 03rd"]
[Site "Buenos Aires"]
[Date "2005.08.08"]
[Round "3"]
[White "Sosa Harrison, Jorge"]
[Black "Mosquera Klinger, Miguel Alonso"]
[Result "1/2-1/2"]
[WhiteElo "2346"]
[BlackElo "2442"]
[PlyCount "160"]
[EventDate "2005.08.06"]
[EventType "swiss"]
[EventRounds "11"]
[EventCountry "ARG"]
[SourceTitle "CBM 109"]
[Source "ChessBase"]
[SourceDate "2005.11.14"]
[SourceVersion "1"]
[SourceVersionDate "2005.11.14"]
[SourceQuality "1"]

1. Nf3 d5 2. d4 c6 3. Bf4 Nf6 4. e3 Qb6 5. b3 Bf5 6. Bd3 Bxd3 7. Qxd3 e6 8. Nbd2 c5 9. 0-0 Nc6 10. c3 cxd4 11. exd4 Be7 12. Ne5 0-0 13. Rfe1 Rac8 14. Bg5 Nxe5 15. Rxe5 Qc7 16. Bxf6 Bxf6 17. Re3 e5 18. dxe5 Bxe5 19. Rh3 g6 20. Rc1 Rfd8 21. Nf1 Qa5 22. Rc2 d4 23. c4 b5 24. Rf3 bxc4 25. bxc4 Qb4 26. g3 a5 27. h4 Re8 28. h5 Bg7 29. Rf4 Re1 30. Kg2 a4 31. Nd2 Qb7+ 32. Qf3 Qxf3+ 33. Rxf3 gxh5 34. Rd3 Re6 35. Nf3 Rd6 36. c5 Rd5 37. c6 Rd6 38. Rc4 Rcxc6 39. Rxa4 Ra6 40. Rb4 Bf6 41. a4 Rd5 42. Rb5 Rad6 43. Nd2 Kg7 44. Nc4 Rd8 45. Kf3 h4 46. gxh4 Bxh4 47. Rxd5 Rxd5 48. a5 Rd8 49. a6 Be7 50. Na5 Rd6 51. a7 Ra6 52. Nc6 Bc5 53. Rd1 Bxa7 54. Nxa7 Rxa7 55. Rxd4 Kg6 56. Rb4 Ra5 57. Rb6+ f6 58. Rb8 Rg5 59. Rb7 h5 60. Rb4 Rc5 61. Kg3 Kg5 62. Ra4 Rc1 63. Kg2 Rc3 64. Ra5+ f5 65. Ra8 h4 66. Rg8+ Kf4 67. Rh8 Kg5 68. Rg8+ Kf6 69. Rh8 Rc4 70. Rf8+ Kg6 71. Rg8+ Kf7 72. Ra8 Rg4+ 73. Kh3 Kf6 74. Rf8+ Ke5 75. Rh8 Rf4 76. Rxh4 Rxf2 77. Kg3 Rb2 78. Ra4 Rb3+ 79. Kf2 Kf6 80. Rc4 Kg5 1/2-1/2

[Event "American Continental 03rd"]
[Site "Buenos Aires"]
[Date "2005.08.07"]
[Round "2"]
[White "Gonzalez Zamora, Juan Carlos"]
[Black "Sosa Harrison, Jorge"]
[Result "1/2-1/2"]
[WhiteElo "2546"]
[BlackElo "2346"]
[PlyCount "92"]
[EventDate "2005.08.06"]
[EventType "swiss"]
[EventRounds "11"]
[EventCountry "ARG"]
[SourceTitle "CBM 109"]
[Source "ChessBase"]
[SourceDate "2005.11.14"]
[SourceVersion "1"]
[SourceVersionDate "2005.11.14"]
[SourceQuality "1"]

1. c4 Nf6 2. Nf3 g6 3. Nc3 d5 4. cxd5 Nxd5 5. g3 Bg7 6. Bg2 0-0 7. 0-0 Nxc3 8. bxc3 c5 9. Rb1 Nc6 10. Qa4 Qc7 11. d3 Ne5 12. Bf4 Nxf3+ 13. Bxf3 Be5 14. Be3 a6 15. Rfc1 Rb8 16. d4 Bd6 17. dxc5 Bxc5 18. Qc4 b6 19. Bxc5 Bf5 20. Rb4 bxc5 21. Rxb8 Rxb8 22. Qxa6 Qe5 23. Qa4 Rb2 24. h4 Kg7 25. a3 Ra2 26. Kg2 Be6 27. c4 Qb2 28. Rd1 Qxa3 29. Qe8 Qa4 30. Qd8 Ra1 31. Rxa1 Qxa1 32. Qxe7 Qd4 33. h5 Bxc4 34. e3 Qd3 35. Qe5+ Kh6 36. Qf4+ Kg7 37. Qe5+ Kh6 38. Qf4+ Kg7 39. h6+ Kf8 40. Kh2 Be6 41. Qb8+ Ke7 42. Qc7+ Kf6 43. Qxc5 Qf5 44. Qd4+ Ke7 45. Qf4 g5 46. Qb4+ Kf6 1/2-1/2

[Event "Olavarria Magistral op 5th"]
[Site "Olavarria"]
[Date "2005.02.27"]
[Round "7"]
[White "Sorin, Ariel"]
[Black "Sosa Harrison, Jorge"]
[Result "0-1"]
[WhiteElo "2509"]
[BlackElo "2312"]
[PlyCount "74"]
[EventDate "2005.02.24"]
[EventType "swiss"]
[EventRounds "7"]
[EventCountry "ARG"]
[SourceTitle "CBM 105 Extra"]
[Source "ChessBase"]
[SourceDate "2005.05.01"]
[SourceVersion "1"]
[SourceVersionDate "2005.05.01"]
[SourceQuality "1"]

1. d4 d5 2. c4 dxc4 3. e4 c5 4. d5 Nf6 5. Nc3 b5 6. Bf4 Qa5 7. e5 Ne4 8. Nge2 Na6 9. f3 Nb4 10. fxe4 Nd3+ 11. Kd2 g6 12. Be3 Bg7 13. Nf4 Nxb2 14. Qb1 b4 15. Nfe2 Nd3 16. Qc2 Bxe5 17. Rb1 0-0 18. Bh6 Rd8 19. a3 Bg4 20. h3 Bxe2 21. Bxe2 Bxc3+ 22. Ke3 Bd4+ 23. Kf3 b3 24. Qd2 Qxd2 25. Bxd2 Ne5+ 26. Kf4 c3 27. Bxc3 Bxc3 28. Rxb3 Bd2+ 29. Kg3 Rab8 30. Rhb1 Rxb3+ 31. Rxb3 Rd7 32. Rb8+ Kg7 33. Rc8 Ba5 34. Rxc5 Bc7 35. Rc3 Bd6 36. Bb5 Rc7 37. Rb3 Rb7 0-1

[Event "Internet Section 07B g/8'+2\""]
[Site "Dos Hermanas"]
[Date "2004.03.08"]
[Round "9"]
[White "Campelo, Leandro Fabricio"]
[Black "Sosa Harrison, Jorge"]
[Result "0-1"]
[WhiteElo "2270"]
[BlackElo "2258"]
[PlyCount "138"]
[EventDate "2004.03.07"]
[EventType "swiss (blitz)"]
[EventRounds "9"]
[EventCountry "ESP"]
[SourceTitle "CBM 099 Extra"]
[Source "ChessBase"]
[SourceDate "2004.05.04"]
[SourceVersion "1"]
[SourceVersionDate "2004.05.04"]
[SourceQuality "1"]

1. e4 c5 2. Nf3 d6 3. d4 cxd4 4. Nxd4 Nf6 5. Nc3 Nc6 6. Bg5 Bd7 7. Qd2 Rc8 8. 0-0-0 Nxd4 9. Qxd4 Qa5 10. Bxf6 gxf6 11. Kb1 Rg8 12. g3 f5 13. e5 e6 14. Bg2 Qxe5 15. Qxa7 Bg7 16. Bxb7 Rd8 17. Rhe1 Qc5 18. Qxc5 dxc5 19. Ba6 Rb8 20. Kc1 Bd4 21. f4 Bc6 22. Bc4 Ke7 23. Bb3 Rb4 24. a3 Rb6 25. Rd3 Rgb8 26. Nd1 Be4 27. Rd2 Bg7 28. Re3 h5 29. Rde2 Bd4 30. Rxe4 fxe4 31. Rxe4 Bg7 32. Nc3 Bxc3 33. bxc3 Kf6 34. a4 Rc6 35. c4 Rg8 36. a5 Ra6 37. Re5 h4 38. Rxc5 hxg3 39. hxg3 Rga8 40. g4 Rxa5 41. g5+ Kg6 42. Rc7 Ra1+ 43. Kd2 R8a7 44. Rc8 Kf5 45. c5 Kxf4 46. c6 R1a5 47. g6 fxg6 48. Bxe6 Ke5 49. Bd7 Kd6 50. Rg8 g5 51. Kd3 Rd5+ 52. Kc4 Ra4+ 53. Kb3 Rf4 54. c4 Rc5 55. Rg6+ Kc7 56. Rg7 Kb6 57. Rg8 Rfxc4 58. Rb8+ Kc7 59. Rg8 Rf4 60. Rc8+ Kd6 61. Rg8 Re5 62. Kc3 Re3+ 63. Kd2 Rg3 64. Ke2 Ra3 65. Rg7 Rb4 66. Kd2 Rb2+ 67. Kc1 Rg2 68. Kb1 Re3 69. Rg6+ Kc7 0-1

[Event "Internet Section 07B g/8'+2\""]
[Site "Dos Hermanas"]
[Date "2004.03.07"]
[Round "7"]
[White "Sergeev, Veniamin"]
[Black "Sosa Harrison, Jorge"]
[Result "1-0"]
[WhiteElo "2417"]
[BlackElo "2258"]
[PlyCount "127"]
[EventDate "2004.03.07"]
[EventType "swiss (blitz)"]
[EventRounds "9"]
[EventCountry "ESP"]
[SourceTitle "CBM 099 Extra"]
[Source "ChessBase"]
[SourceDate "2004.05.04"]
[SourceVersion "1"]
[SourceVersionDate "2004.05.04"]
[SourceQuality "1"]

1. d4 Nf6 2. c4 c5 3. d5 b5 4. cxb5 a6 5. b6 Qxb6 6. Nc3 d6 7. Nf3 g6 8. Nd2 Bg7 9. e4 0-0 10. Be2 a5 11. Bb5 Ba6 12. a4 Bxb5 13. axb5 Nbd7 14. Nc4 Qc7 15. 0-0 Rfb8 16. f4 Ne8 17. Bd2 Bxc3 18. Bxc3 Rxb5 19. e5 Rb4 20. Qe2 Nb6 21. Bxb4 cxb4 22. Nxb6 Qxb6+ 23. Qf2 Qxf2+ 24. Kxf2 Nc7 25. Rfd1 a4 26. Rd4 dxe5 27. fxe5 Kf8 28. d6 exd6 29. exd6 Nb5 30. Rxb4 Nxd6 31. Rbxa4 Re8 32. Ra8 Ne4+ 33. Ke3 Nd6+ 34. Rxe8+ Kxe8 35. b4 Kd7 36. Kd4 Kc7 37. Kc5 Ne4+ 38. Kb5 Kb7 39. g4 f5 40. gxf5 gxf5 41. Rg1 Kc7 42. Rg7+ Kd6 43. Rxh7 Ke5 44. Ka6 f4 45. Rh3 Nd2 46. Rd3 Nc4 47. Rc3 Ne3 48. b5 Nd5 49. Rb3 Nc7+ 50. Ka5 Ne6 51. b6 Nd4 52. Rc3 f3 53. b7 f2 54. b8Q+ Ke4 55. Qe8+ Kd5 56. Qf7+ Ke4 57. Qxf2 Nc6+ 58. Rxc6 Kd5 59. Qc5+ Ke4 60. Rd6 Kf4 61. Rd4+ Kf3 62. Qc3+ Kg2 63. Rd2+ Kh1 64. Qc1# 1-0

[Event "Internet Section 07B g/8'+2\""]
[Site "Dos Hermanas"]
[Date "2004.03.07"]
[Round "2"]
[White "Sosa Harrison, Jorge"]
[Black "Pettersson, Tobias"]
[Result "0-1"]
[WhiteElo "2258"]
[BlackElo "2057"]
[PlyCount "94"]
[EventDate "2004.03.07"]
[EventType "swiss (blitz)"]
[EventRounds "9"]
[EventCountry "ESP"]
[SourceTitle "CBM 099 Extra"]
[Source "ChessBase"]
[SourceDate "2004.05.04"]
[SourceVersion "1"]
[SourceVersionDate "2004.05.04"]
[SourceQuality "1"]

1. Nf3 c5 2. c4 Nc6 3. Nc3 d6 4. d4 cxd4 5. Nxd4 Nf6 6. Nxc6 bxc6 7. g3 g6 8. Bg2 Bd7 9. 0-0 Bg7 10. Qd2 0-0 11. b3 Qc8 12. Rd1 Bh3 13. Bh1 Rb8 14. Bb2 Qc7 15. Rac1 Rfc8 16. Na4 Ne8 17. Bxg7 Nxg7 18. e4 Rd8 19. Qh6 Bg4 20. f3 Bd7 21. h4 Qa5 22. Qd2 Qe5 23. f4 Qf6 24. Bf3 h5 25. Nc3 Ne6 26. Qe3 Nc5 27. e5 Qe6 28. Re1 a5 29. Rcd1 Be8 30. Ne2 Qh3 31. Bg2 Qc8 32. Rf1 a4 33. Rb1 axb3 34. axb3 Qa6 35. f5 Qa3 36. f6 exf6 37. exf6 Rxb3 38. Qh6 Ne6 39. Nf4 Rd7 40. Nxe6 fxe6 41. Rxb3 Qxb3 42. Bxc6 Qxg3+ 43. Bg2 Ra7 44. Re1 Qxe1+ 45. Kh2 Qxh4+ 46. Kg1 Ra1+ 47. Bf1 Qg3+ 0-1

[Event "Internet Section 06A g/8'+2\""]
[Site "Dos Hermanas"]
[Date "2004.03.06"]
[Round "2"]
[White "Sosa Harrison, Jorge"]
[Black "Kosir, Anton"]
[Result "1-0"]
[WhiteElo "2258"]
[BlackElo "1257"]
[PlyCount "51"]
[EventDate "2004.03.06"]
[EventType "swiss (blitz)"]
[EventRounds "9"]
[EventCountry "ESP"]
[SourceTitle "CBM 099 Extra"]
[Source "ChessBase"]
[SourceDate "2004.05.04"]
[SourceVersion "1"]
[SourceVersionDate "2004.05.04"]
[SourceQuality "1"]

1. Nf3 d6 2. d4 e6 3. g3 b6 4. Bg2 Bb7 5. 0-0 Nf6 6. c4 Nc6 7. b3 Nb4 8. a3 Na6 9. Nc3 c5 10. e3 h6 11. Bb2 Be7 12. Qe2 0-0 13. Rfd1 Ng4 14. dxc5 dxc5 15. Rxd8 Raxd8 16. h3 Nf6 17. Ne5 Bd6 18. Bxb7 Nc7 19. Ng4 Nxg4 20. hxg4 Be5 21. Bf3 b5 22. Nxb5 Bxb2 23. Qxb2 Nxb5 24. cxb5 Rd7 25. Rd1 Rb7 26. Bxb7 1-0

[Event "Pan American-chT"]
[Site "Rio de Janeiro"]
[Date "2003.12.14"]
[Round "1"]
[White "Matsuura, Everaldo"]
[Black "Sosa Harrison, Jorge"]
[Result "1-0"]
[WhiteElo "2452"]
[BlackElo "2258"]
[PlyCount "111"]
[EventDate "2003.12.13"]
[EventType "team"]
[EventRounds "5"]
[EventCountry "BRA"]
[SourceTitle "CBM 097 Extra"]
[Source "ChessBase"]
[SourceDate "2004.01.13"]
[SourceVersion "1"]
[SourceVersionDate "2004.01.13"]
[SourceQuality "1"]

1. e4 c5 2. Nf3 d6 3. d4 cxd4 4. Nxd4 Nf6 5. Nc3 Nc6 6. Bg5 Bd7 7. Qd2 Rc8 8. f4 h6 9. Bh4 Nxd4 10. Qxd4 Qa5 11. e5 Ng4 12. exd6 e6 13. Be2 Nf6 14. 0-0-0 Rxc3 15. Qxc3 Qxc3 16. bxc3 Nd5 17. Bf3 Nxc3 18. Rd3 Nxa2+ 19. Kb2 Nb4 20. Rb3 a5 21. Rd1 g5 22. Be1 Bg7+ 23. Bc3 0-0 24. Bxg7 Kxg7 25. c3 Na6 26. Rxb7 Rd8 27. fxg5 hxg5 28. Ra7 Rb8+ 29. Ka2 Bb5 30. Rb7 Bc4+ 31. Ka3 Rd8 32. Rd4 Bf1 33. Rb1 e5 34. Rd5 Bc4 35. Rxe5 Kf6 36. Rxa5 Rxd6 37. Ra4 Be6 38. Rd4 Rxd4 39. cxd4 Nc7 40. Be4 Ke7 41. Rb7 Kd6 42. Rb6+ Ke7 43. Kb2 Ne8 44. d5 Bd7 45. Kc3 Nd6 46. Kd4 f6 47. Bd3 f5 48. Kc5 Nf7 49. Bb5 Bxb5 50. Rxb5 Nd6 51. Rb6 Ne4+ 52. Kd4 Nf6 53. Re6+ Kf7 54. Re5 Kg6 55. d6 f4 56. h3 1-0

[Event "Asuncion zt 2.5"]
[Site "Asuncion"]
[Date "2003.09.22"]
[Round "8"]
[White "Peralta, Eduardo"]
[Black "Sosa Harrison, Jorge"]
[Result "1/2-1/2"]
[WhiteElo "2279"]
[BlackElo "2294"]
[PlyCount "20"]
[EventDate "2003.09.14"]
[EventType "swiss"]
[EventRounds "9"]
[EventCountry "PAR"]
[SourceTitle "CBM 096 Extra"]
[Source "ChessBase"]
[SourceDate "2003.10.22"]
[SourceVersion "2"]
[SourceVersionDate "2003.10.20"]
[SourceQuality "1"]

1. e4 c5 2. Nf3 d6 3. d4 cxd4 4. Nxd4 Nf6 5. Nc3 Nc6 6. g3 e5 7. Nde2 Bg4 8. Bg2 Be7 9. 0-0 Qd7 10. f3 Bh3 1/2-1/2